000 00522nam a2200157 a 4500
008 120416s1991 ||||||||||||||||| || u
020 _a0821317768
050 _aIBRD(08)
100 _aKelly, M. J
245 1 0 _aEducation in a declining economy
246 _athe case of Zambia
260 _aWasington, D. C.
_bWorld Bank
_c1991
300 _axvi, 207p. : ill.
350 _a0.00
995 _D0.00
_FCBU-MAIN LIBRARY (Kitwe)
_H1
_I8.50
_UAVAILABLE
_ZInternational Publications
999 _c41140
_d41140